000 00690nam a2200229 a 4500
003 BD-DhJNU
005 20250220073447.0
008 750913s1976 nyuaf b 001 0 eng
020 _a0394319087
040 _aBD-DhJNU
_bENG
_cBD-DhJNU
_dBD-DhJNU
082 0 0 _a150 PSY
_223
245 0 0 _aPsychology :
_ba basic course /
_cDavid Krech ... [et al.].
250 _a1st ed.
260 _aNew York :
_bKnopf : distributed by Random House,
_cc1976.
300 _axix, 514, xviii p., [1] fold. leaf of plates :
_bill. ;
_c26 cm.
504 _aBibliography: p. 505-514.
500 _aIncludes index.
650 0 _aPsychology.
650 2 _aPsychology.
700 1 _aKrech, David.
942 _cBK
999 _c1369
_d1369